=LDR 00000nam 2200000 4500 =001 INLIS000000000023832 =005 20130612122446 =008 ***********************************Ind** =035 ##$$0010-061300000023832 =041 ##$$a Ind =082 ##$$a 629.8 =090 ##$$a 629.8, Suh t =100 ##$$a Suharto =245 ##$$a Teknik sistem dan kontrol otomotif, Suharto =260 ##$$a 1985 $b Jakarta =300 ##$$a 96 hlm, ilus, 21 cm =650 ##$$a Sistem teknik kontrol =850 ##$$a NBPNMAT